[Event "Manitoba Closed"]
[Site "Winnipeg CAN"]
[Date "2025.08.08"]
[Round "1.2"]
[White "Hamm, Gabriel"]
[Black "Klusa, Mark"]
[Result "1-0"]
[WhiteElo "1999"]
[BlackElo "2210"]
[WhiteFideId "-1"]
[WhiteFideId "-1"]
[PlyCount "183"]
[GameId "2226455322466664"]
[EventDate "2025.08.08"]
[EventType "swiss"]
[EventRounds "5"]
[EventCountry "CAN"]

1. e4 c6 2. d4 d5 3. e5 c5 4. dxc5 e6 5. Be3 Nd7 6. Bb5 Qc7 7. Nf3 Bxc5 8. Bxc5 Qxc5 9. Qe2 Ne7 10. O-O Ng6 11. Nc3 O-O 12. Rfe1 a6 13. Bxd7 Bxd7 14. Qe3 Qb4 15. a3 Qe7 16. Ne2 f6 17. Ned4 Nxe5 18. Nxe5 fxe5 19. Qxe5 Rae8 20. Re3 Qf6 21. Nf3 Qg6 22. Nd4 Rf6 23. Rae1 Ref8 24. Rg3 Qh6 25. f3 Qd2 26. Qe3 Qxe3+ 27. Rxe3 h6 28. Re5 Rc8 29. c3 Kf7 30. Nb3 Rc6 31. Rg4 g6 32. Rb4 b5 33. Na5 Rc7 34. f4 Ke7 35. g3 Kd6 36. h4 Bc8 37. Kf2 Rf5 38. Rxf5 gxf5 39. Ke3 e5 40. fxe5+ Kxe5 41. Rf4 Kd6 42. Nb3 Re7+ 43. Kf2 Bd7 44. Nd4 Ke5 45. Rf3 Rg7 46. Nc2 Rg4 47. Nb4 a5 48. Nd3+ Kd6 49. Nf4 Rg8 50. Rd3 Bc6 51. Ne2 Re8 52. Nd4 Bd7 53. Rf3 Rf8 54. Rf4 b4 55. axb4 axb4 56. cxb4 Ke5 57. Ke3 Ra8 58. b5 Rb8 59. Rxf5+ Bxf5 60. Nc6+ Kd6 61. Nxb8 Kc5 62. Nc6 Bg4 63. Nd4 Bc8 64. Kd3 h5 65. Kc3 Bg4 66. b4+ Kb6 67. Kd3 Bd7 68. Ke3 Be8 69. Ne6 Bd7 70. Nf4 Bg4 71. Nxd5+ Kxb5 72. Nf6 Bd1 73. Kf4 Kxb4 74. Kg5 Kc5 75. Nxh5 Kd6 76. Ng7 Ke7 77. h5 Kf7 78. h6 Kg8 79. g4 Kh7 80. Nf5 Bc2 81. Kf6 Bd1 82. g5 Bh5 83. Nd4 Be8 84. Ne6 Bc6 85. Nf8+ Kh8 86. g6 Be4 87. Kf7 Bxg6+ 88. Kxg6 Kg8 89. Nd7 Kh8 90. Ne5 Kg8 91. h7+ Kh8 92. Nf7# 1-0

[Event "Manitoba Closed"]
[Site "Winnipeg CAN"]
[Date "2025.08.08"]
[Round "1.3"]
[White "Anderson, Collin"]
[Black "Valentino, Marcos"]
[Result "1/2-1/2"]
[WhiteElo "2205"]
[BlackElo "1986"]
[WhiteFideId "-1"]
[WhiteFideId "-1"]
[PlyCount "67"]
[GameId "2226455322491241"]
[EventDate "2025.08.08"]
[EventType "swiss"]
[EventRounds "5"]
[EventCountry "CAN"]

1. e4 c6 2. d4 d5 3. e5 Bf5 4. Nf3 e6 5. Be2 a6 6. O-O c5 7. c3 Nc6 8. Be3 Qc7 9. Nbd2 h6 10. c4 Rd8 11. cxd5 Rxd5 12. dxc5 g5 13. Qa4 Bxc5 14. Bxc5 Rxc5 15. b4 Rd5 16. b5 axb5 17. Bxb5 Nge7 18. h3 O-O 19. Rac1 Qb6 20. Bxc6 Nxc6 21. Nc4 Qb4 22. Qxb4 Nxb4 23. Ne3 Ra5 24. Nxf5 exf5 25. Rb1 Nxa2 26. e6 fxe6 27. Rfe1 e5 28. Rxb7 e4 29. Nd4 Rc8 30. Ne6 Rc1 31. Rxc1 Nxc1 32. Rg7+ Kh8 33. Rg6 Kh7 34. Nf8+ 1/2-1/2

[Event "Manitoba Closed"]
[Site "Winnipeg CAN"]
[Date "2025.08.08"]
[Round "1.4"]
[White "Bonness, Will"]
[Black "Stordeur, Jackson"]
[Result "1/2-1/2"]
[WhiteElo "1968"]
[BlackElo "2178"]
[WhiteFideId "-1"]
[WhiteFideId "-1"]
[PlyCount "136"]
[GameId "2226455322503530"]
[EventDate "2025.08.08"]
[EventType "swiss"]
[EventRounds "5"]
[EventCountry "CAN"]

1. e4 c5 2. Nf3 d6 3. Bb5+ Bd7 4. Bxd7+ Qxd7 5. c4 Nc6 6. Nc3 g6 7. O-O Bg7 8. d3 Nf6 9. a3 O-O 10. Rb1 Ne8 11. Nd5 e6 12. Ne3 Nc7 13. b4 b6 14. b5 Nd4 15. Nxd4 cxd4 16. Nc2 d5 17. exd5 exd5 18. Nb4 dxc4 19. dxc4 Rfe8 20. Bb2 Rac8 21. Nc6 Ne6 22. Qd2 Nd8 23. Nxd8 Rcxd8 24. Qd3 Qe6 25. g3 h5 26. h4 Rc8 27. Rbc1 Qe2 28. Qb3 Rcd8 29. Rc2 Qe4 30. Rd2 d3 31. Bxg7 Kxg7 32. Rfd1 Rc8 33. Rxd3 Qxc4 34. Qxc4 Rxc4 35. Rd4 Re4 36. Rxe4 Rxe4 37. Kg2 Kf6 38. Kf3 Re5 39. Rd7 Rxb5 40. Rxa7 Ke6 41. a4 Rb3+ 42. Kf4 f6 43. Ra6 Rb4+ 44. Ke3 Ke5 45. a5 Rb3+ 46. Ke2 Rb2+ 47. Ke3 Rb3+ 48. Ke2 Ra3 49. Rxb6 Rxa5 50. Rb8 Kf5 51. Rb4 Re5+ 52. Kf3 g5 53. hxg5 fxg5 54. Rb8 Re6 55. Rb5+ Kg6 56. Rb4 Re5 57. Rb6+ Kf5 58. Rb4 Ra5 59. Rc4 Ra3+ 60. Kg2 Rd3 61. Ra4 Rd8 62. Ra5+ Kg6 63. Rb5 Rd4 64. Ra5 Rg4 65. Ra6+ Kf5 66. Ra5+ Kf6 67. Ra6+ Ke5 68. Ra5+ Kd6 1/2-1/2

[Event "Manitoba Closed"]
[Site "Winnipeg CAN"]
[Date "2025.08.08"]
[Round "1.5"]
[White "Riquelme, Martin"]
[Black "Bilugan, Mason"]
[Result "1-0"]
[WhiteElo "2155"]
[BlackElo "1954"]
[WhiteFideId "-1"]
[WhiteFideId "-1"]
[PlyCount "73"]
[GameId "2226455322515819"]
[EventDate "2025.08.08"]
[EventType "swiss"]
[EventRounds "5"]
[EventCountry "CAN"]

1. e4 e5 2. Nf3 Nc6 3. Bb5 Nf6 4. d3 Bc5 5. c3 O-O 6. O-O d6 7. h3 a6 8. Ba4 Ba7 9. Re1 Re8 10. Nbd2 b5 11. Bb3 Ne7 12. Nf1 Rb8 13. Be3 Bxe3 14. Nxe3 Ng6 15. Ng5 Rf8 16. d4 h6 17. dxe5 Nxe5 18. Nf3 Nxe4 19. Nxe5 dxe5 20. Qxd8 Rxd8 21. Nd5 Nd2 22. Ne7+ Kf8 23. Nc6 Nxb3 24. axb3 Be6 25. Nxb8 Rxb8 26. Rxe5 Rb6 27. b4 Ke7 28. f4 f6 29. Re3 f5 30. Rae1 Kf6 31. Rd1 Rc6 32. Rd4 h5 33. g3 g6 34. Kf2 Rb6 35. Re5 Bc4 36. Rd7 c6 37. Rd6+ 1-0

[Event "Manitoba Closed"]
[Site "Winnipeg CAN"]
[Date "2025.08.08"]
[Round "1.6"]
[White "Gerona, Joshua"]
[Black "Iyer, Chandrashekhar"]
[Result "0-1"]
[WhiteElo "1932"]
[BlackElo "2152"]
[WhiteFideId "-1"]
[WhiteFideId "-1"]
[PlyCount "138"]
[GameId "2226455322519916"]
[EventDate "2025.08.08"]
[EventType "swiss"]
[EventRounds "5"]
[EventCountry "CAN"]

1. d4 d5 2. c4 e5 3. dxe5 d4 4. Nf3 Nc6 5. g3 Nge7 6. Bg2 Ng6 7. O-O Be7 8. Na3 O-O 9. Nc2 Ngxe5 10. Nxe5 Nxe5 11. Qxd4 Qxd4 12. Nxd4 Nxc4 13. b3 Ne5 14. Bf4 Bf6 15. Rad1 c6 16. Rd2 Re8 17. h3 h5 18. Rfd1 Ng6 19. Be3 Ne7 20. Kh2 Nf5 21. Nxf5 Bxf5 22. Bf3 Bc3 23. Rd6 Be5 24. R6d2 h4 25. Bd4 Bc7 26. Bc3 hxg3+ 27. fxg3 Bb6 28. Kg2 Be3 29. Rd6 Bc2 30. Rf1 Rad8 31. Rxd8 Rxd8 32. h4 a6 33. h5 Rd6 34. Bg4 b6 35. Bf5 Bxf5 36. Rxf5 Bd2 37. Bb2 Bb4 38. Rg5 f6 39. Rg4 Bc5 40. Kf3 Kf7 41. b4 Bg1 42. Rc4 c5 43. Ba3 Re6 44. bxc5 bxc5 45. Bxc5 Bxc5 46. Rxc5 Rb6 47. Rc7+ Kf8 48. Ra7 Re6 49. e4 Kg8 50. g4 Kh7 51. Kf4 Rb6 52. g5 fxg5+ 53. Kxg5 Rb5+ 54. Kf4 Rxh5 55. Rxa6 Rh4+ 56. Kf5 Rh5+ 57. Kg4 Rh1 58. a4 Rg1+ 59. Kf5 Rf1+ 60. Ke5 g5 61. Rb6 g4 62. Rb2 Kg6 63. Ra2 Kg5 64. a5 g3 65. a6 Rf2 66. Ra1 Rf8 67. a7 Ra8 68. Ke6 Kf4 69. e5 g2 0-1

[Event "Manitoba Closed"]
[Site "Winnipeg CAN"]
[Date "2025.08.08"]
[Round "1.7"]
[White "Bayangat, Arjie"]
[Black "Zhou, Joe"]
[Result "0-1"]
[WhiteElo "2092"]
[BlackElo "1926"]
[WhiteFideId "-1"]
[WhiteFideId "-1"]
[PlyCount "68"]
[GameId "2226455322532205"]
[EventDate "2025.08.08"]
[EventType "swiss"]
[EventRounds "5"]
[EventCountry "CAN"]

1. e4 c5 2. Nf3 Nc6 3. d4 cxd4 4. Nxd4 Nf6 5. Nc3 d6 6. Bc4 e6 7. Be3 Be7 8. Bb3 a6 9. g4 Nxd4 10. Bxd4 e5 11. g5 exd4 12. gxf6 dxc3 13. fxe7 Qa5 14. O-O cxb2 15. Rb1 Qg5+ 16. Kh1 Qxe7 17. Bd5 Qf6 18. Qe2 O-O 19. c4 Bh3 20. Rg1 Rab8 21. Rxb2 b5 22. Rb3 Be6 23. Rf3 Qe5 24. Rfg3 g6 25. Rg5 Qf6 26. h4 Bxd5 27. cxd5 h6 28. R5g4 Kh7 29. R1g3 Rbe8 30. Rf3 Qe5 31. Qd2 f5 32. Rgf4 Rg8 33. exf5 gxf5 34. Rxf5 Qa1+ 0-1

[Event "Manitoba Closed"]
[Site "Winnipeg CAN"]
[Date "2025.08.08"]
[Round "1.8"]
[White "Punay, Rhailey"]
[Black "Protsyuk, Svitlana"]
[Result "1-0"]
[WhiteElo "1915"]
[BlackElo "2055"]
[WhiteFideId "-1"]
[WhiteFideId "-1"]
[PlyCount "91"]
[GameId "2226455322540398"]
[EventDate "2025.08.08"]
[EventType "swiss"]
[EventRounds "5"]
[EventCountry "CAN"]

1. e4 c5 2. Nf3 Nc6 3. d4 cxd4 4. Nxd4 g6 5. c4 Bg7 6. Be3 Nf6 7. Nc3 d6 8. Be2 O-O 9. O-O a5 10. Qd2 Ng4 11. Bxg4 Bxg4 12. Ndb5 Ne5 13. b3 a4 14. f3 Be6 15. Rad1 Qd7 16. Nd5 Bxd5 17. Qxd5 axb3 18. axb3 Ra2 19. Bf4 Qc6 20. Bxe5 Bxe5 21. f4 Bg7 22. e5 dxe5 23. fxe5 Bxe5 24. b4 e6 25. Qxc6 bxc6 26. Nd4 Rc8 27. Nf3 Bc3 28. Ng5 Rc7 29. b5 cxb5 30. cxb5 Rb2 31. Ne4 Be5 32. Rb1 Rcc2 33. Rxb2 Rxb2 34. Ng5 Bd4+ 35. Kh1 Rf2 36. Rb1 Bb6 37. Ne4 Rf5 38. Nd6 Rc5 39. Ne4 Re5 40. Nf6+ Kg7 41. Nd7 Rd5 42. Nxb6 Rd8 43. Na4 e5 44. b6 e4 45. b7 Rb8 46. Nc5 1-0

[Event "Manitoba Closed"]
[Site "Winnipeg CAN"]
[Date "2025.08.08"]
[Round "1.9"]
[White "Babb, Jeff"]
[Black "Klokow, John"]
[Result "1-0"]
[WhiteElo "2046"]
[BlackElo "1815"]
[WhiteFideId "-1"]
[WhiteFideId "-1"]
[PlyCount "73"]
[GameId "2226455322544495"]
[EventDate "2025.08.08"]
[EventType "swiss"]
[EventRounds "5"]
[EventCountry "CAN"]

1. f4 d5 2. Nf3 Nf6 3. g3 g6 4. Bg2 Bg7 5. O-O O-O 6. d3 c5 7. c3 Nc6 8. Na3 b6 9. e4 dxe4 10. dxe4 Ba6 11. Qxd8 Raxd8 12. Re1 e5 13. fxe5 Ng4 14. e6 fxe6 15. Ng5 Rde8 16. Bh3 Nce5 17. Bf4 Bc8 18. Bxg4 Nxg4 19. Bd6 Rf2 20. h3 Rxb2 21. hxg4 Bxc3 22. Nc4 Rc2 23. Rac1 Bd4+ 24. Kh1 Rxa2 25. Be5 Bxe5 26. Nxe5 a6 27. Rcd1 b5 28. Ngf7 c4 29. Nd6 Rf8 30. Rf1 c3 31. Rxf8+ Kxf8 32. Nxc8 c2 33. Rf1+ Ke8 34. Nd6+ Ke7 35. Nb7 Rb2 36. Rf7+ Ke8 37. Nd6+ 1-0

[Event "Manitoba Closed"]
[Site "Winnipeg CAN"]
[Date "2025.08.08"]
[Round "1.10"]
[White "Pottinger, Carl"]
[Black "Nagelberg, Alan"]
[Result "0-1"]
[WhiteElo "1710"]
[BlackElo "2017"]
[WhiteFideId "-1"]
[WhiteFideId "-1"]
[PlyCount "80"]
[GameId "2226455322556784"]
[EventDate "2025.08.08"]
[EventType "swiss"]
[EventRounds "5"]
[EventCountry "CAN"]

1. d4 d6 2. Bf4 g6 3. Nc3 Bg7 4. e4 a6 5. Qd2 b5 6. f3 Nd7 7. O-O-O c5 8. Be3 Bb7 9. dxc5 Nxc5 10. Bxc5 dxc5 11. Qxd8+ Rxd8 12. Rxd8+ Kxd8 13. Nge2 Nf6 14. g3 Kc7 15. Bh3 Rd8 16. Rd1 Bh6+ 17. Kb1 Rxd1+ 18. Nxd1 e6 19. Nf2 Be3 20. Nd3 Nd7 21. b3 Kd6 22. Bg2 c4 23. Nb2 Kc5 24. Nd1 Bd2 25. Ng1 c3 26. Ne2 b4 27. Nf2 a5 28. Nd3+ Kb6 29. a3 Ba6 30. axb4 axb4 31. Nec1 Ka5 32. Na2 Bxd3 33. cxd3 Ne5 34. Kc2 Nc6 35. Nc1 Nd4+ 36. Kb1 Bxc1 37. Kxc1 Nxb3+ 38. Kb1 Ka4 39. f4 Ka3 40. g4 Nd2+ 0-1

[Event "Manitoba Closed"]
[Site "Winnipeg CAN"]
[Date "2025.08.09"]
[Round "2.1"]
[White "Nagelberg, Alan"]
[Black "Baragar, Fletcher"]
[Result "0-1"]
[WhiteElo "2017"]
[BlackElo "2256"]
[WhiteFideId "-1"]
[WhiteFideId "-1"]
[PlyCount "94"]
[GameId "2226455322560881"]
[EventDate "2025.08.08"]
[EventType "swiss"]
[EventRounds "5"]
[EventCountry "CAN"]

1. e4 c5 2. Nf3 Nc6 3. b4 cxb4 4. d4 d6 5. d5 Nb8 6. Bb5+ Bd7 7. Bd3 Nf6 8. Bb2 Bg4 9. O-O Nbd7 10. h3 Bxf3 11. Qxf3 g6 12. Re1 Bg7 13. e5 dxe5 14. Nd2 O-O 15. Nc4 Nc5 16. Bxe5 Qxd5 17. Qe2 Nxd3 18. cxd3 b5 19. Nb2 Rac8 20. d4 Rc3 21. Nd3 Qc4 22. Red1 Bh6 23. Qf3 Nd5 24. Qe4 a5 25. Nc5 Rc2 26. Qf3 Rxa2 27. Rxa2 Qxa2 28. Bg3 Rd8 29. Nb7 Rf8 30. Nc5 a4 31. Nd7 Rd8 32. Ne5 Nc3 33. Rd3 Qd5 34. Qg4 a3 35. Qh4 Ne2+ 36. Kh2 Nxg3 37. Qxh6 Nf5 38. Qf4 a2 39. g4 a1=Q 40. gxf5 Qah1+ 41. Kg3 Qdg2+ 42. Kh4 g5+ 43. Qxg5+ Qxg5+ 44. Kxg5 f6+ 45. Kh6 fxe5 46. Rg3+ Kh8 47. dxe5 Qe4 0-1

[Event "Manitoba Closed"]
[Site "Winnipeg CAN"]
[Date "2025.08.09"]
[Round "2.2"]
[White "Hamm, Gabriel"]
[Black "Riquelme, Martin"]
[Result "0-1"]
[WhiteElo "1999"]
[BlackElo "2155"]
[WhiteFideId "-1"]
[WhiteFideId "-1"]
[PlyCount "66"]
[GameId "2226455322560882"]
[EventDate "2025.08.08"]
[EventType "swiss"]
[EventRounds "5"]
[EventCountry "CAN"]

1. e4 c5 2. Nf3 d6 3. d4 cxd4 4. Nxd4 Nf6 5. Nc3 a6 6. h3 e5 7. Nde2 h5 8. Bg5 Be7 9. Qd2 b5 10. Bxf6 Bxf6 11. a4 b4 12. Nd5 a5 13. Nxf6+ Qxf6 14. Rd1 Bb7 15. Ng3 O-O 16. h4 Rd8 17. Bc4 g6 18. Qh6 Qg7 19. Qd2 Na6 20. Rh3 Kh7 21. Qe2 Nc5 22. f3 Nxa4 23. Bb5 Nc5 24. Nf1 Ne6 25. g3 Nd4 26. Qd3 Qf6 27. Nd2 Rac8 28. c3 bxc3 29. bxc3 Ne6 30. Nc4 d5 31. Nxa5 dxe4 32. Qf1 Rxd1+ 33. Kxd1 Qd8+ 0-1

[Event "Manitoba Closed"]
[Site "Winnipeg CAN"]
[Date "2025.08.09"]
[Round "2.3"]
[White "Zhou, Joe"]
[Black "Babb, Jeff"]
[Result "1/2-1/2"]
[WhiteElo "1926"]
[BlackElo "2046"]
[WhiteFideId "-1"]
[WhiteFideId "-1"]
[PlyCount "104"]
[GameId "2226455322564979"]
[EventDate "2025.08.08"]
[EventType "swiss"]
[EventRounds "5"]
[EventCountry "CAN"]

1. Nf3 Nc6 2. d4 d5 3. Bf4 Bg4 4. e3 e6 5. c4 Bd6 6. Bxd6 Qxd6 7. c5 Qd7 8. Be2 Bxf3 9. Bxf3 Nf6 10. Nc3 O-O 11. O-O a6 12. Qd2 Rfd8 13. Rfd1 Qe7 14. a3 e5 15. b4 exd4 16. exd4 Ne4 17. Qd3 Nxc3 18. Qxc3 Qf6 19. Rd2 Ne7 20. Re1 Nf5 21. Re5 c6 22. Rde2 Nh4 23. Bh5 g6 24. Bg4 h5 25. Bh3 Kf8 26. Qe3 Kg7 27. Re7 Nf5 28. Bxf5 Qxf5 29. Rxb7 Re8 30. Re7 Rxe7 31. Qxe7 Ra7 32. Qe5+ Qxe5 33. Rxe5 a5 34. bxa5 Rxa5 35. Re3 Ra4 36. Rd3 Kf6 37. Kf1 Rc4 38. Ke2 Ke6 39. Ke3 g5 40. Rb3 Ra4 41. Kd3 f5 42. g3 f4 43. gxf4 gxf4 44. h4 Kf5 45. f3 Ke6 46. Kc3 Rc4+ 47. Kb2 Rxd4 48. Rb4 Rxb4+ 49. axb4 d4 50. Kc2 Ke5 51. Kd2 Ke6 52. Kc2 Ke5 1/2-1/2

[Event "Manitoba Closed"]
[Site "Winnipeg CAN"]
[Date "2025.08.09"]
[Round "2.4"]
[White "Stordeur, Jackson"]
[Black "Punay, Rhailey"]
[Result "0-1"]
[WhiteElo "2178"]
[BlackElo "1915"]
[WhiteFideId "-1"]
[WhiteFideId "-1"]
[PlyCount "64"]
[GameId "2226455322564980"]
[EventDate "2025.08.08"]
[EventType "swiss"]
[EventRounds "5"]
[EventCountry "CAN"]

1. e4 e5 2. Nf3 Nc6 3. Bb5 a6 4. Ba4 Nf6 5. d3 d6 6. c4 g6 7. Nc3 Bg7 8. Nd5 O-O 9. Bg5 Be6 10. Qd2 Rb8 11. Bxc6 bxc6 12. Nb4 Rb6 13. Be3 c5 14. Nd5 Bxd5 15. cxd5 Ng4 16. Rb1 Qd7 17. h3 Nxe3 18. Qxe3 Qa4 19. Qc1 Qxa2 20. O-O Rfb8 21. Ra1 Qxb2 22. Qxb2 Rxb2 23. Rxa6 R2b6 24. Ra7 c6 25. dxc6 Rxc6 26. Ng5 Rf8 27. Rb1 h6 28. Nf3 c4 29. dxc4 Rxc4 30. Rb6 d5 31. exd5 e4 32. Nh2 Bd4 0-1

[Event "Manitoba Closed"]
[Site "Winnipeg CAN"]
[Date "2025.08.09"]
[Round "2.5"]
[White "Orcullo, Fernando"]
[Black "Anderson, Collin"]
[Result "1-0"]
[WhiteElo "1919"]
[BlackElo "2205"]
[WhiteFideId "-1"]
[WhiteFideId "-1"]
[PlyCount "67"]
[GameId "2226455322569077"]
[EventDate "2025.08.08"]
[EventType "swiss"]
[EventRounds "5"]
[EventCountry "CAN"]

1. e4 c5 2. c4 Nc6 3. d3 Nf6 4. Be3 d6 5. Nc3 g6 6. Be2 Bg7 7. Nf3 O-O 8. h3 Bd7 9. O-O Ne8 10. Rb1 Nc7 11. Qd2 Re8 12. Bh6 Bh8 13. Nh2 Ne6 14. f4 Ned4 15. f5 e6 16. fxg6 hxg6 17. Ng4 f6 18. Qf4 f5 19. Bg5 Qc7 20. Nh6+ Kf8 21. Bf3 Ne5 22. exf5 Nexf3+ 23. gxf3 gxf5 24. Qh4 Bc6 25. Nxf5 Nxf5 26. Qxh8+ Kf7 27. Qh7+ Ng7 28. Bh6 Rg8 29. Ne4 d5 30. Kh1 Qe5 31. Ng5+ Kf6 32. Rbe1 Qc7 33. Bxg7+ Rxg7 34. Rxe6+ 1-0

[Event "Manitoba Closed"]
[Site "Winnipeg CAN"]
[Date "2025.08.09"]
[Round "2.6"]
[White "Valentino, Marcos"]
[Black "Bonness, Will"]
[Result "1-0"]
[WhiteElo "1986"]
[BlackElo "1968"]
[WhiteFideId "-1"]
[WhiteFideId "-1"]
[PlyCount "99"]
[GameId "2226455322569078"]
[EventDate "2025.08.08"]
[EventType "swiss"]
[EventRounds "5"]
[EventCountry "CAN"]

1. Nf3 d5 2. d4 Nf6 3. g3 e6 4. Bg2 b5 5. O-O Nbd7 6. a4 b4 7. a5 Ba6 8. Re1 Be7 9. Nbd2 O-O 10. e4 dxe4 11. Ng5 Rc8 12. Ngxe4 c5 13. c3 bxc3 14. bxc3 Nxe4 15. Nxe4 cxd4 16. cxd4 Nf6 17. Nxf6+ Bxf6 18. Be3 Qd7 19. Qd2 Bc4 20. Rac1 Rfd8 21. Qb4 Bd5 22. Bxd5 Qxd5 23. Rc5 Be7 24. Rxd5 Bxb4 25. Rxd8+ Rxd8 26. Ra1 a6 27. Kf1 Rd5 28. Ra4 Bxa5 29. Ke2 Kf8 30. Kd3 Ke7 31. Kc4 Kd6 32. Bc1 Kc6 33. f4 Kb7 34. Ba3 Rh5 35. Bc5 Be1 36. Ra1 Bf2 37. Rb1+ Kc7 38. Rb6 Rxh2 39. Rxa6 Bxg3 40. Ra7+ Kc6 41. Ra6+ Kd7 42. Ra7+ Kc6 43. Ra6+ Kb7 44. Ra7+ Kb8 45. Rxf7 h5 46. Kb5 Rf2 47. Kc6 Rxf4 48. Bd6+ Ka8 49. Bxf4 Bh4 50. Rxg7 1-0

[Event "Manitoba Closed"]
[Site "Winnipeg CAN"]
[Date "2025.08.09"]
[Round "2.7"]
[White "Klusa, Mark"]
[Black "Bilugan, Mason"]
[Result "1/2-1/2"]
[WhiteElo "2210"]
[BlackElo "1954"]
[WhiteFideId "-1"]
[WhiteFideId "-1"]
[PlyCount "75"]
[GameId "2226455322569079"]
[EventDate "2025.08.08"]
[EventType "swiss"]
[EventRounds "5"]
[EventCountry "CAN"]

1. e4 c5 2. c3 Nf6 3. e5 Nd5 4. Nf3 Nc6 5. Bc4 Nb6 6. Bb3 c4 7. Bc2 Qc7 8. Qe2 g5 9. h3 Bg7 10. Na3 Nxe5 11. Nxg5 h6 12. Nf3 Nxf3+ 13. Qxf3 Qe5+ 14. Kd1 Qf6 15. Qe2 Qe6 16. Re1 Qxe2+ 17. Rxe2 Bf6 18. b3 d5 19. Nb5 Kd8 20. Ba3 a6 21. Nd4 Rg8 22. f4 h5 23. Nf5 Bxf5 24. Bxf5 e6 25. Bc2 d4 26. Bc5 Kc7 27. Bxd4 Bxd4 28. cxd4 Rad8 29. bxc4 Nxc4 30. Bh7 Rg7 31. Rc1 Rxd4 32. Re4 Rxd2+ 33. Ke1 Rgxg2 34. Rexc4+ Kb8 35. Be4 Rde2+ 36. Kf1 Ref2+ 37. Ke1 Re2+ 38. Kf1 1/2-1/2

[Event "Manitoba Closed"]
[Site "Winnipeg CAN"]
[Date "2025.08.09"]
[Round "2.8"]
[White "Klokow, John"]
[Black "Bayangat, Arjie"]
[Result "0-1"]
[WhiteElo "2092"]
[BlackElo "1815"]
[WhiteFideId "-1"]
[WhiteFideId "-1"]
[PlyCount "74"]
[GameId "2226455322573176"]
[EventDate "2025.08.08"]
[EventType "swiss"]
[EventRounds "5"]
[EventCountry "CAN"]

1. e4 Nf6 2. e5 Nd5 3. Nf3 g6 4. d4 Bg7 5. Bc4 Nb6 6. Bb3 O-O 7. Nc3 d5 8. Be3 a5 9. a4 c6 10. h3 Na6 11. Qd2 Nc7 12. Bh6 Ne6 13. h4 f6 14. O-O-O Rf7 15. Bxg7 Kxg7 16. Rde1 Qf8 17. exf6+ exf6 18. g4 Qd6 19. Ne2 Qb4 20. Qd1 Qd6 21. c3 Nf4 22. g5 Bg4 23. gxf6+ Rxf6 24. Ne5 Bxe2 25. Rxe2 Nxe2+ 26. Qxe2 Raf8 27. f3 Nd7 28. Bc2 Re6 29. h5 Nxe5 30. dxe5 Qxe5 31. Qd3 Qf4+ 32. Kb1 Re3 33. Qd1 Rxf3 34. hxg6 hxg6 35. Ka2 Rf2 36. Rg1 Rf6 37. Qd3 Qc4+ 0-1

[Event "Manitoba Closed"]
[Site "Winnipeg CAN"]
[Date "2025.08.09"]
[Round "2.9"]
[White "Protsyuk, Svitlana"]
[Black "Gerona, Joshua"]
[Result "1-0"]
[WhiteElo "2055"]
[BlackElo "1952"]
[WhiteFideId "-1"]
[WhiteFideId "-1"]
[PlyCount "53"]
[GameId "2226455322573177"]
[EventDate "2025.08.08"]
[EventType "swiss"]
[EventRounds "5"]
[EventCountry "CAN"]

1. e4 c5 2. c3 Nf6 3. e5 Nd5 4. d4 cxd4 5. cxd4 d6 6. exd6 Qxd6 7. Nc3 Nc6 8. Nf3 Bg4 9. Bc4 e6 10. O-O Be7 11. h3 Bh5 12. g4 Bg6 13. Bxd5 exd5 14. Ne5 Nxe5 15. dxe5 Qxe5 16. Re1 Be4 17. Qa4+ Kf8 18. Nxe4 dxe4 19. Rxe4 Qd5 20. Bf4 b5 21. Qc2 Rd8 22. Rae1 Bf6 23. Bc7 Ra8 24. Rd1 Qb7 25. Rd7 Kg8 26. Qb3 Rf8 27. Re8 1-0

[Event "Manitoba Closed"]
[Site "Winnipeg CAN"]
[Date "2025.08.09"]
[Round "2.10"]
[White "Gres, Yakiv"]
[Black "Pottinger, Carl"]
[Result "1-0"]
[WhiteElo "2004"]
[BlackElo "1710"]
[WhiteFideId "-1"]
[WhiteFideId "-1"]
[PlyCount "37"]
[GameId "2226455322577274"]
[EventDate "2025.08.08"]
[EventType "swiss"]
[EventRounds "5"]
[EventCountry "CAN"]

1. e4 c5 2. Nf3 d6 3. d4 cxd4 4. Nxd4 Nf6 5. Nc3 g6 6. Be3 Bg7 7. Qd2 O-O 8. f3 Nc6 9. O-O-O d5 10. exd5 Nxd5 11. Nxc6 bxc6 12. Bd4 Nxc3 13. Qxc3 Bxd4 14. Rxd4 Qb6 15. h4 Re8 16. h5 e5 17. Rb4 Qa5 18. hxg6 hxg6 19. Rh8+ 1-0

[Event "Manitoba Closed"]
[Site "Winnipeg CAN"]
[Date "2025.08.09"]
[Round "3.1"]
[White "Baragar, Fletcher"]
[Black "Punay, Rhailey"]
[Result "1-0"]
[WhiteElo "2256"]
[BlackElo "1915"]
[WhiteFideId "-1"]
[WhiteFideId "-1"]
[PlyCount "83"]
[GameId "2226455322577275"]
[EventDate "2025.08.08"]
[EventType "swiss"]
[EventRounds "5"]
[EventCountry "CAN"]

1. d4 Nf6 2. c4 g6 3. Nc3 Bg7 4. e4 d6 5. Be2 O-O 6. Nf3 e5 7. d5 a5 8. Bg5 h6 9. Bh4 Na6 10. Nd2 Nc5 11. O-O Bd7 12. Qc2 Qe8 13. b3 Nh7 14. a3 f5 15. f3 g5 16. Bf2 f4 17. b4 Na6 18. Rab1 h5 19. c5 Qg6 20. c6 Bc8 21. cxb7 Bxb7 22. Rfc1 g4 23. Nb5 Rf7 24. Qd1 Bc8 25. Rc6 Bd7 26. Nxc7 Nxc7 27. Rxc7 axb4 28. axb4 Bh6 29. Rc3 Ra2 30. b5 g3 31. hxg3 fxg3 32. Be3 Bxe3+ 33. Rxe3 Qg5 34. Nf1 Nf6 35. Qb3 Qh4 36. Qxa2 Ng4 37. Ra3 Rf4 38. Ra8+ Kg7 39. Ra7 Ne3 40. Rxd7+ Kf6 41. Rxd6+ Kg5 42. Qa7 1-0

[Event "Manitoba Closed"]
[Site "Winnipeg CAN"]
[Date "2025.08.09"]
[Round "3.2"]
[White "Riquelme, Martin"]
[Black "Valentino, Marcos"]
[Result "1/2-1/2"]
[WhiteElo "2155"]
[BlackElo "1986"]
[WhiteFideId "-1"]
[WhiteFideId "-1"]
[PlyCount "245"]
[GameId "2226455322577276"]
[EventDate "2025.08.08"]
[EventType "swiss"]
[EventRounds "5"]
[EventCountry "CAN"]

1. e4 e6 2. d4 d5 3. Nc3 Nf6 4. Bg5 Be7 5. e5 Nfd7 6. Bxe7 Qxe7 7. f4 a6 8. Nf3 c5 9. dxc5 Qxc5 10. Qd2 Nc6 11. O-O-O Nb6 12. Kb1 Bd7 13. Nd4 Nxd4 14. Qxd4 Qxd4 15. Rxd4 g6 16. Be2 Bc6 17. Re1 h5 18. g3 Rc8 19. Bf1 Rc7 20. b3 Ke7 21. Nd1 Rhc8 22. c3 Nd7 23. Kb2 b5 24. Nf2 Bb7 25. Rc1 Nc5 26. Re1 Nd7 27. Re3 Nb8 28. Rd2 Nc6 29. a3 Nb8 30. h3 Nd7 31. g4 hxg4 32. Nxg4 Rh8 33. Rd4 Bc6 34. a4 bxa4 35. bxa4 a5 36. c4 Rb8+ 37. Rb3 Rxb3+ 38. Kxb3 Nc5+ 39. Ka3 Rb7 40. Nf6 Rb3+ 41. Ka2 Rb4 42. h4 Bxa4 43. f5 Bb3+ 44. Ka1 Bxc4 45. Bxc4 Nb3+ 46. Bxb3 Rxd4 47. fxg6 fxg6 48. Bc2 Rxh4 49. Bxg6 Rh1+ 50. Kb2 Re1 51. Ng4 Kf8 52. Bc2 a4 53. Nf6 Ke7 54. Bxa4 Rxe5 55. Ng4 Re4 56. Bd1 Kd6 57. Kc2 e5 58. Nf2 Rc4+ 59. Kd2 e4 60. Ke3 Kc5 61. Ng4 Rc3+ 62. Kf4 Kd4 63. Nf2 Rc8 64. Kg3 Ke3 65. Bg4 Rf8 66. Nh3 Kd2 67. Nf4 d4 68. Ne6 Rg8 69. Nxd4 e3 70. Kf4 Kd3 71. Nf3 e2 72. Ne5+ Kd2 73. Bxe2 Kxe2 74. Ke4 Ra8 75. Kd4 Rd8+ 76. Ke4 Kd2 77. Nf3+ Kc3 78. Ne5 Re8 79. Kd5 Kb4 80. Nc6+ Kb5 81. Nd4+ Kb6 82. Ne6 Rh8 83. Nd4 Rh5+ 84. Ke4 Rh4+ 85. Kd5 Kc7 86. Ne6+ Kd7 87. Nc5+ Ke7 88. Ne4 Rh5+ 89. Kd4 Ke6 90. Nc5+ Kf5 91. Nd3 Rh4+ 92. Ke3 Ra4 93. Nf2 Ra3+ 94. Nd3 Ra8 95. Kd4 Rd8+ 96. Ke3 Re8+ 97. Kd4 Rd8+ 98. Ke3 Rd7 99. Nf2 Re7+ 100. Kf3 Ke5 101. Ke3 Re8 102. Ng4+ Kf5+ 103. Kf3 Ra8 104. Ne3+ Ke5 105. Ng4+ Kd4 106. Kf4 Rg8 107. Kf5 Ra8 108. Nf6 Ra5+ 109. Ke6 Re5+ 110. Kd6 Re1 111. Nd7 Kc4 112. Ne5+ Kb5 113. Kd5 Rd1+ 114. Ke4 Kc5 115. Nd3+ Kd6 116. Kd4 Ke6 117. Ke4 Ra1 118. Nf4+ Kf6 119. Nd5+ Kg5 120. Ke5 Re1+ 121. Kd4 Kf5 122. Ne3+ Ke6 123. Ke4 1/2-1/2